Allenatori più vincenti della storia della Lazio - Statistics

Statistiche generali
  • Questo quiz è stato fatto 51 volte
  • Il punteggio medio è 5 su 9
Statistiche sulle risposte
Nazione Periodo Totale trofei Trofei vinti Allenatore % Corretto
Italia 2016-2021 3 1 Coppa Italia; 2 Supercoppe Italiane Simone Inzaghi
96%
Svezia 1997-2001 7 1 Campionato italiano; 2 Coppe Italia; 2 Supercoppe Italiane;1 Coppa delle Coppe; 1 Supercoppa UEFA Sven-Göran Eriksson
85%
Bosnia ed Erzegovina / Svizzera 2012-2014 1 1 Coppa Italia Vladimir Petković
78%
Italia 2002-2004 1 1 Coppa Italia Roberto Mancini
57%
Italia 2005-2009 1 1 Coppa Italia Delio Rossi
50%
Italia 1971-1975; 1975-1976 1 1 Campionato italiano Tommaso Maestrelli
43%
Italia 2009-2010 1 1 Supercoppa Italiana Davide Ballardini
22%
Argentina 1962-1964; 1968-1971; 1984-1985 1 1 Campionato italiano di Serie B Juan Carlos Lorenzo
13%
Italia 1958-1960 1 1 Coppa Italia Fulvio Bernardini
7%
Nessun quiz corrispondente trovato
Distribuzione punteggi
Percentuale di utenti per punteggio
Percentile per numero di risposta
I tuoi punteggi nel tempo
Non hai fatto questo quiz